Normal view
MARC view
- Derechos reproductivos
Entry Materia
001 - NÚMERO DE CONTROL DEL REGISTRO
- campo de control: 25521
003 - IDENTIFICADOR DE NUMERO DE CONTROL
- campo de control: MX-MxUPN
005 - FECHA Y HORA DE LA ÚLTIMA TRANSACCIÓN
- campo de control: 20260415153715.0
008 - DATOS DE LONGITUD FIJA
- campo de control de longitud fija: 260415da fnnnnaabd n ana |d
035 ## - NÚMERO DE CONTROL DEL SISTEMA
- Número de control del sistema: UPN10000025530
040 ## - FUENTE DE LA CATALOGACIÓN
- Centro catalogador de origen: MX-MxUPN
- Lengua de catalogación: spa
150 ## - ENCABEZAMIENTO - TEMÁTICO
- Término de materia o nombre geográfico como elemento inicial: Derechos reproductivos
- Subdivisión geográfica: México
670 ## - FUENTE EN LA QUE SE LOCALIZARON DATOS
- Cita de la fuente: Autoridades LC, 14 abril 2026 :
- Información localizada: (Reproductive Rights -- Mexico)
- Identificador Uniforme del Recurso: https://authorities.loc.gov
902 ## - CATALOGADOR
- Catalogador: EMR/100317
- Catalogador: VíctorGodínez/150426
